| 000 | 00609nam a2200217Ia 4500 | ||
|---|---|---|---|
| 003 | 0100 | ||
| 005 | 20160907091304.0 | ||
| 008 | 130303s9999 xx 000 0 und d | ||
| 040 | _cARRUPELIB | ||
| 050 | _aBC135.W52 | ||
| 100 |
_aMounce, H.O _921747 |
||
| 245 | _aWittgenstein's tractatus | ||
| 245 | _bAn introduction | ||
| 260 | _aOX | ||
| 260 | _bBasil Blackwell | ||
| 300 | _a136p | ||
| 600 |
_aWittgenstein, Ludwig _xTractatus logico _xPhilosophicus _925592 |
||
| 650 |
_bLogic, symbol and mathematical _925593 |
||
| 650 |
_aLanguage and languages _xPhilosophy _925594 |
||
| 942 | 0 | 0 |
_01 _2lcc _cMONOGRAPH |
| 999 |
_c26032 _d26032 |
||